000 00826nam a2200253 a 4500
001 000002680
005 20240412074200.0
008 090703s2008 dr a r 001 p spa d
040 _aDO-SdBNP
_bspa
_cBNPHU
082 _aRD861.44
_bJ41t, 2008
100 1 _aJavier, Adrián,
_d1967
_98447
245 1 0 _aTocar un cuerpo /
_cAdrián Javier.
250 _a2a ed.
260 _aSanto Domingo :
_bBúho,
_c2008.
300 _a89 p. :
_bil. ;
_c23 cm.
490 1 _aLetras de molde
500 _aIncluye datos biográficos del autor en la solapa de la cubierta.
586 _aPremio internacional de poesía Pedro Mir 2007.
590 _aInventariado, 2018/BT
650 0 _aPoesía dominicana
_966
650 0 _aLiteratura dominicana.
_967
830 0 _aLetras de molde
_98448
910 _aValidado. Control de calidad. MMOLINA
999 _c2516
_d2516